| 000 | 01262cam a22003617i 4500 | ||
|---|---|---|---|
| 005 | 20230616141706.0 | ||
| 008 | 151109s2016 inuao 001 0 eng d | ||
| 010 | _a 2015956949 | ||
| 020 | _a0789757435 | ||
| 020 | _a9780789757432 | ||
| 035 | _a(OCoLC)ocn927383817 | ||
| 040 |
_aYDXCP _beng _cYDXCP _erda _dBDX _dBTCTA _dOCLCQ _dOCLCO _dJOZ _dJTH _dBKL _dOCLCF _dJQM _dTME _dDLC |
||
| 042 | _alccopycat | ||
| 082 | 0 | 4 |
_a004.6780846 _223 _bMIL-M |
| 100 | 1 |
_aMiller, Michael, _d1958- |
|
| 245 | 1 | 0 |
_aMy internet for seniors / _cMichael Miller. |
| 260 |
_aUSA _bQUE _c2016 |
||
| 264 | 1 |
_aIndianapolis, Indiana : _bQue, _c2016. |
|
| 300 |
_a378 pages : _billustrations (some color) ; _c23 cm |
||
| 336 |
_atext _btxt _2rdacontent |
||
| 337 |
_aunmediated _bn _2rdamedia |
||
| 338 |
_avolume _bnc _2rdacarrier |
||
| 500 | _aIncludes index. | ||
| 500 | _a"Covers using the internet from computers, tablets, and smartphones" | ||
| 650 | 0 | _aInternet and older people. | |
| 650 | 0 | _aComputers and older people. | |
| 650 | 0 | _aTechnology and older people. | |
| 650 | 0 | _aInternet. | |
| 650 | 0 |
_aInternet _vHandbooks, manuals, etc. |
|
| 906 |
_a7 _bcbc _ccopycat _d2 _eepcn _f20 _gy-gencatlg |
||
| 999 |
_c18773 _d18773 |
||